<?xml version="1.0" encoding="UTF-8"?>
<collection xmlns="http://www.loc.gov/MARC21/slim">
 <record>
  <leader>03486caa a2200517   4500</leader>
  <controlfield tag="001">1553463919</controlfield>
  <controlfield tag="003">DE-627</controlfield>
  <controlfield tag="005">20210814073420.0</controlfield>
  <controlfield tag="007">cr cn 008aaaaa</controlfield>
  <controlfield tag="008">170215s2005    xx |||||oo    00| ||ger c</controlfield>
  <datafield tag="024" ind1="7" ind2=" ">
   <subfield code="a">urn:nbn:de:bsz:16-jfk-343822</subfield>
   <subfield code="2">urn</subfield>
  </datafield>
  <datafield tag="024" ind1="7" ind2=" ">
   <subfield code="a">10.11588/jfk.2005.2.34382</subfield>
   <subfield code="2">doi</subfield>
  </datafield>
  <datafield tag="035" ind1=" " ind2=" ">
   <subfield code="a">(DE-627)1553463919</subfield>
  </datafield>
  <datafield tag="035" ind1=" " ind2=" ">
   <subfield code="a">(DE-576)483463914</subfield>
  </datafield>
  <datafield tag="035" ind1=" " ind2=" ">
   <subfield code="a">(DE-599)BSZ483463914</subfield>
  </datafield>
  <datafield tag="035" ind1=" " ind2=" ">
   <subfield code="a">(OCoLC)1263850056</subfield>
  </datafield>
  <datafield tag="040" ind1=" " ind2=" ">
   <subfield code="a">DE-627</subfield>
   <subfield code="b">ger</subfield>
   <subfield code="c">DE-627</subfield>
   <subfield code="e">rda</subfield>
  </datafield>
  <datafield tag="041" ind1=" " ind2=" ">
   <subfield code="a">ger</subfield>
  </datafield>
  <datafield tag="084" ind1=" " ind2=" ">
   <subfield code="a">KUNST</subfield>
   <subfield code="q">DE-16</subfield>
   <subfield code="2">fid</subfield>
  </datafield>
  <datafield tag="100" ind1="1" ind2=" ">
   <subfield code="a">Bergmann, Elisabeth</subfield>
   <subfield code="e">VerfasserIn</subfield>
   <subfield code="0">(DE-588)1089627386</subfield>
   <subfield code="0">(DE-627)853402094</subfield>
   <subfield code="0">(DE-576)459984780</subfield>
   <subfield code="4">aut</subfield>
  </datafield>
  <datafield tag="245" ind1="1" ind2="0">
   <subfield code="a">[Rezension von: Vittorio Magnago Lampugnani (Hrsg.), Architekturtheorie 20. Jahrhundert - Architektur-Theorie von der Renaissance bis zur Gegenwart - Kari Jormakka, Geschichte der Architekturtheorie - Fritz Neumeyer (Hrsg.), Quellentexte zur Architekturtheorie - Gerd de Bruyn (Hrsg.), Architekturtheorie.doc. - Ákos Moravánszky (Hrsg.), Architekturtheorie im zwanzigsten Jahrhundert]</subfield>
   <subfield code="c">Elisabeth Schmidle, Institut für Baugeschichte, Universität Karlsruhe</subfield>
  </datafield>
  <datafield tag="264" ind1=" " ind2="1">
   <subfield code="a">Regensburg</subfield>
   <subfield code="b">Schnell und Steiner</subfield>
   <subfield code="c">2005</subfield>
  </datafield>
  <datafield tag="264" ind1=" " ind2="0">
   <subfield code="a">Heidelberg</subfield>
   <subfield code="b">arthistoricum.net</subfield>
   <subfield code="c">2017</subfield>
  </datafield>
  <datafield tag="336" ind1=" " ind2=" ">
   <subfield code="a">Text</subfield>
   <subfield code="b">txt</subfield>
   <subfield code="2">rdacontent</subfield>
  </datafield>
  <datafield tag="337" ind1=" " ind2=" ">
   <subfield code="a">Computermedien</subfield>
   <subfield code="b">c</subfield>
   <subfield code="2">rdamedia</subfield>
  </datafield>
  <datafield tag="338" ind1=" " ind2=" ">
   <subfield code="a">Online-Ressource</subfield>
   <subfield code="b">cr</subfield>
   <subfield code="2">rdacarrier</subfield>
  </datafield>
  <datafield tag="500" ind1=" " ind2=" ">
   <subfield code="a">Elektronische Reproduktion der Druckausgabe</subfield>
  </datafield>
  <datafield tag="583" ind1="1" ind2=" ">
   <subfield code="a">Archivierung/Langzeitarchivierung gewährleistet</subfield>
   <subfield code="2">pdager</subfield>
   <subfield code="5">DE-16</subfield>
  </datafield>
  <datafield tag="655" ind1=" " ind2="7">
   <subfield code="a">Rezension</subfield>
   <subfield code="0">(DE-588)4049712-4</subfield>
   <subfield code="0">(DE-627)106186019</subfield>
   <subfield code="0">(DE-576)209083166</subfield>
   <subfield code="2">gnd-content</subfield>
  </datafield>
  <datafield tag="773" ind1="0" ind2="8">
   <subfield code="i">Enthalten in</subfield>
   <subfield code="t">Journal für Kunstgeschichte</subfield>
   <subfield code="d">Regensburg : Schnell und Steiner, 2016</subfield>
   <subfield code="g">9(2005), 2, Seite 152-161</subfield>
   <subfield code="h">Online-Ressource</subfield>
   <subfield code="w">(DE-627)856404578</subfield>
   <subfield code="w">(DE-600)2851742-8</subfield>
   <subfield code="w">(DE-576)467800618</subfield>
   <subfield code="x">2509-2510</subfield>
   <subfield code="7">nnns</subfield>
  </datafield>
  <datafield tag="773" ind1="1" ind2="8">
   <subfield code="g">volume:9</subfield>
   <subfield code="g">year:2005</subfield>
   <subfield code="g">number:2</subfield>
   <subfield code="g">pages:152-161</subfield>
  </datafield>
  <datafield tag="787" ind1="0" ind2="8">
   <subfield code="i">Rezension von</subfield>
   <subfield code="t">Architekturtheorie 20. Jahrhundert</subfield>
   <subfield code="d">Ostfildern-Ruit : Hatje Cantz, 2004</subfield>
   <subfield code="h">335 S.</subfield>
   <subfield code="w">(DE-627)386644500</subfield>
   <subfield code="w">(DE-576)111285070</subfield>
   <subfield code="z">9783775713757</subfield>
   <subfield code="z">3775713751</subfield>
  </datafield>
  <datafield tag="787" ind1="0" ind2="8">
   <subfield code="i">Rezension von</subfield>
   <subfield code="t">Architektur-Theorie von der Renaissance bis zur Gegenwart</subfield>
   <subfield code="d">Köln [u.a.] : Taschen, 2003</subfield>
   <subfield code="h">845 S</subfield>
   <subfield code="w">(DE-627)36208758X</subfield>
   <subfield code="w">(DE-576)104343443</subfield>
   <subfield code="z">3822816973</subfield>
  </datafield>
  <datafield tag="787" ind1="0" ind2="8">
   <subfield code="i">Rezension von</subfield>
   <subfield code="a">Jormakka, Kari, 1959 - 2013</subfield>
   <subfield code="t">Geschichte der Architekturtheorie</subfield>
   <subfield code="b">Erstausg.</subfield>
   <subfield code="d">Wien : Ed. Selene, 2003</subfield>
   <subfield code="h">244 S.</subfield>
   <subfield code="w">(DE-627)358975026</subfield>
   <subfield code="w">(DE-576)106201433</subfield>
   <subfield code="z">3852661978</subfield>
  </datafield>
  <datafield tag="787" ind1="0" ind2="8">
   <subfield code="i">Rezension von</subfield>
   <subfield code="t">Quellentexte zur Architekturtheorie</subfield>
   <subfield code="d">München : Prestel, 2002</subfield>
   <subfield code="h">607 S.</subfield>
   <subfield code="w">(DE-627)343092557</subfield>
   <subfield code="w">(DE-576)098010654</subfield>
   <subfield code="z">3791326023</subfield>
  </datafield>
  <datafield tag="787" ind1="0" ind2="8">
   <subfield code="i">Rezension von</subfield>
   <subfield code="t">Architektur_theorie.doc</subfield>
   <subfield code="d">Basel : Birkhäuser, 2003</subfield>
   <subfield code="h">351 S</subfield>
   <subfield code="w">(DE-627)359423191</subfield>
   <subfield code="w">(DE-576)103998322</subfield>
   <subfield code="z">9783764369736</subfield>
   <subfield code="z">3764369736</subfield>
  </datafield>
  <datafield tag="787" ind1="0" ind2="8">
   <subfield code="i">Rezension von</subfield>
   <subfield code="t">Architekturtheorie im 20. Jahrhundert</subfield>
   <subfield code="d">Wien [u.a.] : Springer, 2003</subfield>
   <subfield code="h">VIII, 591 S.</subfield>
   <subfield code="w">(DE-627)35561491X</subfield>
   <subfield code="w">(DE-576)100056083</subfield>
   <subfield code="z">3211837434</subfield>
  </datafield>
  <datafield tag="856" ind1="4" ind2="0">
   <subfield code="u">http://nbn-resolving.de/urn:nbn:de:bsz:16-jfk-343822</subfield>
   <subfield code="x">Verlag</subfield>
   <subfield code="x">Resolving-System</subfield>
   <subfield code="z">kostenfrei</subfield>
   <subfield code="3">Volltext</subfield>
  </datafield>
  <datafield tag="856" ind1="4" ind2="0">
   <subfield code="u">http://dx.doi.org/10.11588/jfk.2005.2.34382</subfield>
   <subfield code="x">Verlag</subfield>
   <subfield code="x">Resolving-System</subfield>
   <subfield code="z">kostenfrei</subfield>
   <subfield code="3">Volltext</subfield>
  </datafield>
  <datafield tag="935" ind1=" " ind2=" ">
   <subfield code="h">SWB</subfield>
   <subfield code="i">ld</subfield>
  </datafield>
  <datafield tag="936" ind1="u" ind2="w">
   <subfield code="d">9</subfield>
   <subfield code="j">2005</subfield>
   <subfield code="e">2</subfield>
   <subfield code="h">152-161</subfield>
  </datafield>
  <datafield tag="951" ind1=" " ind2=" ">
   <subfield code="a">AR</subfield>
  </datafield>
  <datafield tag="994" ind1=" " ind2=" ">
   <subfield code="u">https://journals.ub.uni-heidelberg.de/index.php/jfk/article/download/34382/28064/106114</subfield>
  </datafield>
  <datafield tag="994" ind1=" " ind2=" ">
   <subfield code="u">https://journals.ub.uni-heidelberg.de/index.php/jfk/article/download/34382/28064/106114</subfield>
  </datafield>
  <datafield tag="991" ind1=" " ind2=" ">
   <subfield code="a">Rezension (Monographie, Zeitschrift, Aufsatz)</subfield>
  </datafield>
  <datafield tag="999" ind1=" " ind2=" ">
   <subfield code="a">KXP-PPN1553463919</subfield>
   <subfield code="e">4133253590</subfield>
  </datafield>
 </record>
</collection>
